000 01072nam a22002775i 4500
001 11728
003 ES-MaACL
005 20230906150149.0
007 t|
008 960222s1994 sp ||||0| spa j
020 _a84-7658-455-5
040 _aM-BN
_bspa
_cM-BN
080 _a860 Teresa de Jesús, Santa 1.06
100 1 _aCarrión, María M.
_935805
245 1 0 _aArquitectura y cuerpo en la figura autorial de Teresa de Jesús /
_cMaría M. Carrión.
250 _a1ª ed.
260 _aMadrid :
_bDirección General de la Mujer ;
_aBarcelona :
_bAnthropos,
_c1994.
300 _a334 p ;
_c20 cm.
490 1 _aPensamiento crítico/pensamiento utópico ;
_v85.
_aCultura y diferencia
504 _aBibliografía: p. 291-316.
600 0 4 _aTeresa de Jesús,
_cSanta,
_d1515-1582-
_xCrítica e interpretación
_9109738
710 1 _aEspaña.
_bDirección General de la Mujer.
_93748
830 0 _aPensamiento crítico/pensamiento utópico ;
_v85.
_aCultura y diferencia
_9178901
852 _aES-MaACL
_jL-19078
_bR.123845
999 _c11728
_d11728